000 00338nam a2200145Ia 4500
008 100415s9999 xx 000 0 und d
082 _b11113
_a574.00724
100 _aJeffers John NR
245 _aModelling
260 _aLONDON
_c1982
_bCHAPMAN & HALL
365 _b0
630 _aModelling
730 _aModelling
942 _cBOOK
999 _c594036
_d594033